Oxford handbook of the french revolution (Record no. 1434390)

MARC details
000 -LEADER
fixed length control field 00685nam a22002297a 4500
005 - DATE AND TIME OF LATEST TRANSACTION
control field 20250730142456.0
008 - FIXED-LENGTH DATA ELEMENTS--GENERAL INFORMATION
fixed length control field 250730b |||||||| |||| 00| 0 eng d
020 ## - INTERNATIONAL STANDARD BOOK NUMBER
International Standard Book Number 978-0-19-963974-8(hbk)
037 ## - SOURCE OF ACQUISITION
Terms of availability REF
040 ## - CATALOGING SOURCE
Transcribing agency CRL
041 ## - LANGUAGE CODE
Source of code eng
Language code of text/sound track or separate title english
084 ## - COLON CLASSIFICATION NUMBER
Classification number V53.L9g Q5
Assigning agency CRL
245 ## - TITLE STATEMENT
Title Oxford handbook of the french revolution
260 ## - PUBLICATION, DISTRIBUTION, ETC.
Place of publication, distribution, etc. UK,Oxford
Name of publisher, distributor, etc. Oxford Uniersity Press,
Date of publication, distribution, etc. 2015.
300 ## - PHYSICAL DESCRIPTION
Extent xvii, 683p.
365 ## - TRADE PRICE
Price amount 5495
Currency code INR
546 ## - LANGUAGE NOTE
Language note english
650 ## - SUBJECT ADDED ENTRY--TOPICAL TERM
Topical term or geographic name entry element History
700 ## - ADDED ENTRY--PERSONAL NAME
Personal name David, Andess
Relator term Editor.
9 (RLIN) 816925
942 ## - ADDED ENTRY ELEMENTS (KOHA)
Source of classification or shelving scheme Colon Classification (CC)
Koha item type Reference
Classification part V53.L9g Q5
Suppress in OPAC No
Holdings
Withdrawn status Lost status Source of classification or shelving scheme Damaged status Not for loan Home library Current library Date acquired Source of acquisition Cost, normal purchase price Inventory number Total Checkouts Full call number Barcode Date last seen Price effective from Koha item type
    Colon Classification (CC)     Central Library Central Library 2025-07-30 Selectbook Service Syndicate 5495.00 IN/2014-15/1403& 205-03-13   V53.L9g Q5 CL1608888 2025-07-30 2025-07-30 Reference
Copyright @ Delhi University Library System